<?xml version="1.0" encoding="UTF-8"?>
<record
    xmlns:xsi="http://www.w3.org/2001/XMLSchema-instance"
    xsi:schemaLocation="http://www.loc.gov/MARC21/slim http://www.loc.gov/standards/marcxml/schema/MARC21slim.xsd"
    xmlns="http://www.loc.gov/MARC21/slim">

  <leader>00397nam a2200181Ia 4500</leader>
  <datafield tag="100" ind1=" " ind2=" ">
    <subfield code="a">Silberchatz/A/ Galvin/P.B </subfield>
  </datafield>
  <datafield tag="650" ind1=" " ind2=" ">
    <subfield code="a">Operating systems</subfield>
  </datafield>
  <datafield tag="250" ind1=" " ind2=" ">
    <subfield code="a">8</subfield>
  </datafield>
  <datafield tag="942" ind1=" " ind2=" ">
    <subfield code="c">BK</subfield>
  </datafield>
  <datafield tag="366" ind1=" " ind2=" ">
    <subfield code="f">25</subfield>
  </datafield>
  <datafield tag="654" ind1=" " ind2=" ">
    <subfield code="a">operating system</subfield>
  </datafield>
  <datafield tag="245" ind1=" " ind2=" ">
    <subfield code="a">Operating system concepts</subfield>
  </datafield>
  <datafield tag="260" ind1=" " ind2=" ">
    <subfield code="b">Wiley India</subfield>
    <subfield code="c">2010</subfield>
  </datafield>
  <datafield tag="082" ind1=" " ind2=" ">
    <subfield code="a">5.43</subfield>
    <subfield code="b">SIL</subfield>
  </datafield>
  <datafield tag="300" ind1=" " ind2=" ">
    <subfield code="a">972</subfield>
  </datafield>
  <datafield tag="546" ind1=" " ind2=" ">
    <subfield code="a">ENGLISH</subfield>
    <subfield code="c">PAMPHALETS</subfield>
  </datafield>
  <datafield tag="999" ind1=" " ind2=" ">
    <subfield code="c">30334</subfield>
    <subfield code="d">30334</subfield>
  </datafield>
  <datafield tag="952" ind1=" " ind2=" ">
    <subfield code="0">0</subfield>
    <subfield code="1">0</subfield>
    <subfield code="4">0</subfield>
    <subfield code="7">0</subfield>
    <subfield code="8">CRC</subfield>
    <subfield code="a">CRCE</subfield>
    <subfield code="b">CRCE</subfield>
    <subfield code="d">2023-03-17</subfield>
    <subfield code="e">Professional  Book House</subfield>
    <subfield code="g">359.25</subfield>
    <subfield code="i">60 dt 08/09/2010</subfield>
    <subfield code="l">1</subfield>
    <subfield code="m">1</subfield>
    <subfield code="o">5.43 SIL</subfield>
    <subfield code="p">20983</subfield>
    <subfield code="r">2026-01-12</subfield>
    <subfield code="s">2025-10-27</subfield>
    <subfield code="v">479.00</subfield>
    <subfield code="w">0000-00-00</subfield>
    <subfield code="y">BK</subfield>
  </datafield>
  <datafield tag="952" ind1=" " ind2=" ">
    <subfield code="0">0</subfield>
    <subfield code="1">0</subfield>
    <subfield code="4">0</subfield>
    <subfield code="7">0</subfield>
    <subfield code="8">CRC</subfield>
    <subfield code="a">CRCE</subfield>
    <subfield code="b">CRCE</subfield>
    <subfield code="d">2023-03-17</subfield>
    <subfield code="e">Professional  Book House</subfield>
    <subfield code="g">359.25</subfield>
    <subfield code="i">60 dt 08/09/2010</subfield>
    <subfield code="l">0</subfield>
    <subfield code="o">5.43 SIL</subfield>
    <subfield code="p">20984</subfield>
    <subfield code="r">2023-03-17</subfield>
    <subfield code="v">479.00</subfield>
    <subfield code="w">0000-00-00</subfield>
    <subfield code="y">BK</subfield>
  </datafield>
  <datafield tag="952" ind1=" " ind2=" ">
    <subfield code="0">0</subfield>
    <subfield code="1">0</subfield>
    <subfield code="4">0</subfield>
    <subfield code="7">0</subfield>
    <subfield code="8">CRC</subfield>
    <subfield code="a">CRCE</subfield>
    <subfield code="b">CRCE</subfield>
    <subfield code="d">2023-03-17</subfield>
    <subfield code="e">Professional  Book House</subfield>
    <subfield code="g">359.25</subfield>
    <subfield code="i">60 dt 08/09/2010</subfield>
    <subfield code="l">1</subfield>
    <subfield code="o">5.43 SIL</subfield>
    <subfield code="p">20985</subfield>
    <subfield code="r">2025-03-04</subfield>
    <subfield code="s">2025-02-27</subfield>
    <subfield code="v">479.00</subfield>
    <subfield code="w">0000-00-00</subfield>
    <subfield code="y">BK</subfield>
  </datafield>
  <datafield tag="952" ind1=" " ind2=" ">
    <subfield code="0">0</subfield>
    <subfield code="1">0</subfield>
    <subfield code="4">0</subfield>
    <subfield code="7">0</subfield>
    <subfield code="8">CRC</subfield>
    <subfield code="a">CRCE</subfield>
    <subfield code="b">CRCE</subfield>
    <subfield code="d">2023-03-17</subfield>
    <subfield code="e">Professional  Book House</subfield>
    <subfield code="g">359.25</subfield>
    <subfield code="i">60 dt 08/09/2010</subfield>
    <subfield code="l">0</subfield>
    <subfield code="o">5.43 SIL</subfield>
    <subfield code="p">20986</subfield>
    <subfield code="r">2023-03-17</subfield>
    <subfield code="v">479.00</subfield>
    <subfield code="w">0000-00-00</subfield>
    <subfield code="y">BK</subfield>
  </datafield>
  <datafield tag="952" ind1=" " ind2=" ">
    <subfield code="0">0</subfield>
    <subfield code="1">0</subfield>
    <subfield code="4">0</subfield>
    <subfield code="7">0</subfield>
    <subfield code="8">CRC</subfield>
    <subfield code="a">CRCE</subfield>
    <subfield code="b">CRCE</subfield>
    <subfield code="d">2023-03-17</subfield>
    <subfield code="e">Professional  Book House</subfield>
    <subfield code="g">359.25</subfield>
    <subfield code="i">60 dt 08/09/2010</subfield>
    <subfield code="l">0</subfield>
    <subfield code="o">5.43 SIL</subfield>
    <subfield code="p">20987</subfield>
    <subfield code="r">2023-03-17</subfield>
    <subfield code="v">479.00</subfield>
    <subfield code="w">0000-00-00</subfield>
    <subfield code="y">BK</subfield>
  </datafield>
  <datafield tag="952" ind1=" " ind2=" ">
    <subfield code="0">0</subfield>
    <subfield code="1">0</subfield>
    <subfield code="4">0</subfield>
    <subfield code="7">0</subfield>
    <subfield code="8">CRC</subfield>
    <subfield code="a">CRCE</subfield>
    <subfield code="b">428</subfield>
    <subfield code="d">2023-03-17</subfield>
    <subfield code="e">Professional  Book House</subfield>
    <subfield code="g">359.25</subfield>
    <subfield code="i">60 dt 08/09/2010</subfield>
    <subfield code="l">2</subfield>
    <subfield code="o">5.43 SIL</subfield>
    <subfield code="p">20988</subfield>
    <subfield code="q">2025-08-04</subfield>
    <subfield code="r">2025-05-06</subfield>
    <subfield code="s">2025-05-06</subfield>
    <subfield code="v">479.00</subfield>
    <subfield code="w">0000-00-00</subfield>
    <subfield code="y">BK</subfield>
  </datafield>
  <datafield tag="952" ind1=" " ind2=" ">
    <subfield code="0">0</subfield>
    <subfield code="1">0</subfield>
    <subfield code="4">0</subfield>
    <subfield code="7">0</subfield>
    <subfield code="8">CRC</subfield>
    <subfield code="a">CRCE</subfield>
    <subfield code="b">CRCE</subfield>
    <subfield code="d">2023-03-17</subfield>
    <subfield code="e">Professional  Book House</subfield>
    <subfield code="g">359.25</subfield>
    <subfield code="i">60 dt 08/09/2010</subfield>
    <subfield code="l">0</subfield>
    <subfield code="o">5.43 SIL</subfield>
    <subfield code="p">20989</subfield>
    <subfield code="r">2023-03-17</subfield>
    <subfield code="v">479.00</subfield>
    <subfield code="w">0000-00-00</subfield>
    <subfield code="y">BK</subfield>
  </datafield>
  <datafield tag="952" ind1=" " ind2=" ">
    <subfield code="0">0</subfield>
    <subfield code="1">0</subfield>
    <subfield code="4">0</subfield>
    <subfield code="7">0</subfield>
    <subfield code="8">CRC</subfield>
    <subfield code="a">CRCE</subfield>
    <subfield code="b">CRCE</subfield>
    <subfield code="d">2023-03-17</subfield>
    <subfield code="e">Professional  Book House</subfield>
    <subfield code="g">359.25</subfield>
    <subfield code="i">60 dt 08/09/2010</subfield>
    <subfield code="l">2</subfield>
    <subfield code="o">5.43 SIL</subfield>
    <subfield code="p">20990</subfield>
    <subfield code="r">2025-02-14</subfield>
    <subfield code="s">2025-02-03</subfield>
    <subfield code="v">479.00</subfield>
    <subfield code="w">0000-00-00</subfield>
    <subfield code="y">BK</subfield>
  </datafield>
  <datafield tag="952" ind1=" " ind2=" ">
    <subfield code="0">0</subfield>
    <subfield code="1">0</subfield>
    <subfield code="4">0</subfield>
    <subfield code="7">0</subfield>
    <subfield code="8">CRC</subfield>
    <subfield code="a">CRCE</subfield>
    <subfield code="b">428</subfield>
    <subfield code="d">2023-03-17</subfield>
    <subfield code="e">Professional  Book House</subfield>
    <subfield code="g">359.25</subfield>
    <subfield code="i">60 dt 08/09/2010</subfield>
    <subfield code="l">2</subfield>
    <subfield code="o">5.43 SIL</subfield>
    <subfield code="p">20991</subfield>
    <subfield code="r">2025-11-26</subfield>
    <subfield code="s">2025-11-06</subfield>
    <subfield code="v">479.00</subfield>
    <subfield code="w">0000-00-00</subfield>
    <subfield code="y">BK</subfield>
  </datafield>
  <datafield tag="952" ind1=" " ind2=" ">
    <subfield code="0">0</subfield>
    <subfield code="1">0</subfield>
    <subfield code="4">0</subfield>
    <subfield code="7">0</subfield>
    <subfield code="8">CRC</subfield>
    <subfield code="a">CRCE</subfield>
    <subfield code="b">CRCE</subfield>
    <subfield code="d">2023-03-17</subfield>
    <subfield code="e">Professional  Book House</subfield>
    <subfield code="g">359.25</subfield>
    <subfield code="i">60 dt 08/09/2010</subfield>
    <subfield code="l">0</subfield>
    <subfield code="o">5.43 SIL</subfield>
    <subfield code="p">20992</subfield>
    <subfield code="r">2023-03-17</subfield>
    <subfield code="v">479.00</subfield>
    <subfield code="w">0000-00-00</subfield>
    <subfield code="y">RB</subfield>
  </datafield>
</record>
